[Event "Aspropyrgos op-A 1st"]
[Site "Aspropyrgos"]
[Date "2019.09.22"]
[Round "9"]
[White "Iordanidou, Zoi"]
[Black "Nikolaou, Georgios"]
[Result "1/2-1/2"]
[WhiteElo "2053"]
[BlackElo "2200"]
[PlyCount "24"]
[EventDate "2019.09.14"]
[EventType "swiss"]
[EventRounds "9"]
[EventCountry "GRE"]
[SourceTitle "CBM 195 Extra"]
[Source "ChessBase"]
[SourceDate "2020.05.31"]
[SourceVersion "1"]
[SourceVersionDate "2020.05.31"]
[SourceQuality "1"]

1. e4 c5 2. Nf3 Nc6 3. d3 e6 4. Nbd2 d5 5. g3 g6 6. Bg2 Bg7 7. 0-0 Nf6 8. Re1 0-0 9. c3 a5 10. a4 b6 11. exd5 exd5 12. Nf1 Ba6 1/2-1/2

[Event "GRE-chT 46th"]
[Site "Rio Achaia"]
[Date "2018.07.14"]
[Round "6.8"]
[White "Iordanidou, Zoi"]
[Black "Maisuradze, Nino"]
[Result "1/2-1/2"]
[WhiteElo "2060"]
[BlackElo "2264"]
[PlyCount "94"]
[EventDate "2018.07.10"]
[EventType "team"]
[EventRounds "7"]
[EventCountry "GRE"]
[SourceTitle "CBM 185 Extra"]
[Source "ChessBase"]
[SourceDate "2018.07.29"]
[SourceVersion "1"]
[SourceVersionDate "2018.07.29"]
[SourceQuality "1"]
[WhiteTeam "Sea of Corinth Argonaut"]
[BlackTeam "Triandrias OF"]
[WhiteTeamCountry "GRE"]
[BlackTeamCountry "GRE"]

1. e4 c5 2. Nf3 Nc6 3. d3 g6 4. g3 Bg7 5. Bg2 d6 6. 0-0 e5 7. Nc3 Nge7 8. Be3 0-0 9. Nd2 f5 10. f4 Be6 11. fxe5 Nxe5 12. Bg5 Qd7 13. Bxe7 Qxe7 14. exf5 Bxf5 15. h3 Rae8 16. Kh2 Qd7 17. Nd5 b5 18. Ne4 Kh8 19. Ne3 Be6 20. Rxf8+ Rxf8 21. Qe2 Qe7 22. Nc3 b4 23. Ncd5 Qg5 24. Rf1 Bf7 25. Rf4 Qd8 26. Qf1 a5 27. b3 Bh6 28. Rf2 Kg7 29. Nc4 Nxc4 30. dxc4 Bxd5 31. Bxd5 Rxf2+ 32. Qxf2 Qe7 33. Kg2 Bg5 34. Qf3 Bf6 35. Qe4 Be5 36. Qf3 h5 37. h4 Bd4 38. Qe4 Qe5 39. Qxe5+ dxe5 40. Be4 Kf6 41. Kf3 Bc3 42. Ke2 g5 43. Kd1 gxh4 44. gxh4 Bb2 45. Kd2 Bd4 46. Ke2 Bg1 47. Kf3 Bd4 1/2-1/2

[Event "GRE-chT 45th"]
[Site "Achaia"]
[Date "2017.07.05"]
[Round "4.13"]
[White "Iordanidou, Zoi"]
[Black "Seretaki, Konstantina"]
[Result "1/2-1/2"]
[WhiteElo "2069"]
[BlackElo "1572"]
[PlyCount "79"]
[EventDate "2017.07.03"]
[EventType "team-swiss"]
[EventRounds "7"]
[EventCountry "GRE"]
[SourceTitle "CBM 179 Extra"]
[Source "ChessBase"]
[SourceDate "2017.08.23"]
[SourceVersion "1"]
[SourceVersionDate "2017.08.23"]
[SourceQuality "1"]
[WhiteTeam "Korinthias Argonaftis"]
[BlackTeam "New Filadelfeias"]
[WhiteTeamCountry "GRE"]
[BlackTeamCountry "GRE"]

1. e4 e6 2. d3 c5 3. Nd2 Nc6 4. g3 d5 5. Bg2 Nf6 6. Ngf3 d4 7. a4 Be7 8. 0-0 e5 9. Nc4 Qc7 10. Nh4 Bg4 11. f3 Be6 12. f4 Nd7 13. Na3 f6 14. fxe5 Ndxe5 15. Nf5 Bf8 16. Bd2 0-0-0 17. Qe1 g6 18. Nh4 Be7 19. Nf3 Rdf8 20. Nxe5 fxe5 21. Bh6 Rxf1+ 22. Qxf1 Qd7 23. Qe2 Nd8 24. Bg7 Rg8 25. Bxe5 Nf7 26. Bf4 g5 27. Bd2 Ne5 28. Rf1 Bg4 29. Qe1 Qxa4 30. Rf2 h6 31. Qf1 Qe8 32. b3 Rf8 33. Rxf8 Qxf8 34. Qxf8+ Bxf8 35. Kf2 a6 36. h3 Be6 37. Nc4 Nxc4 38. dxc4 Bg7 39. Bf1 b6 40. Kf3 1/2-1/2

[Event "GRE-chT 44th"]
[Site "Achaia"]
[Date "2016.07.06"]
[Round "3.13"]
[White "Seretaki, Konstantina"]
[Black "Iordanidou, Zoi"]
[Result "0-1"]
[WhiteElo "1609"]
[BlackElo "2062"]
[PlyCount "124"]
[EventDate "2016.07.05"]
[EventType "team-swiss"]
[EventRounds "7"]
[EventCountry "GRE"]
[SourceTitle "CBM 173 Extra"]
[Source "ChessBase"]
[SourceDate "2016.08.29"]
[SourceVersion "1"]
[SourceVersionDate "2016.08.29"]
[SourceQuality "1"]
[WhiteTeam "New Filadelfeias"]
[BlackTeam "Corinth Argonaftis"]
[WhiteTeamCountry "GRE"]
[BlackTeamCountry "GRE"]

1. e4 d5 2. exd5 Qxd5 3. Nc3 Qd6 4. d4 Nf6 5. Bg5 c6 6. Nf3 Nbd7 7. Be2 Nb6 8. 0-0 Bf5 9. Bd3 Bg4 10. Be2 e6 11. Ne5 Bxe2 12. Nxe2 Be7 13. c3 h6 14. Bf4 Qd8 15. Qc2 Nfd5 16. Bd2 Bf6 17. Rad1 Qe7 18. Nf4 Bxe5 19. dxe5 Nc4 20. Nxd5 cxd5 21. Rfe1 0-0-0 22. b3 Nxd2 23. Rxd2 Kb8 24. Rd4 Rc8 25. Qd2 Rhd8 26. Rd1 Qc7 27. c4 Qxe5 28. f4 Qf5 29. Qd3 Qxd3 30. R4xd3 Rc5 31. Rd4 Kc7 32. Kf2 b5 33. cxb5 Rxb5 34. Rc1+ Kb7 35. Ke3 Rd6 36. Kd2 Ra6 37. Rc2 Rc6 38. Rd3 Rxc2+ 39. Kxc2 Kc6 40. Kd2 Kd6 41. Rg3 g6 42. Rh3 h5 43. Rf3 Rb4 44. g3 f6 45. Kc3 Rb6 46. h3 Kc5 47. a3 d4+ 48. Kd2 Kd5 49. b4 e5 50. fxe5 fxe5 51. Rf8 Ra6 52. Rg8 Ke4 53. b5 Rxa3 54. Rxg6 Ra2+ 55. Kc1 Ke3 56. g4 d3 57. Kb1 Rg2 58. Rd6 hxg4 59. hxg4 Rxg4 60. Rd5 e4 61. Rd7 Rg1+ 62. Kb2 d2 0-1

[Event "GRE-chT 43rd"]
[Site "Porto Rio"]
[Date "2015.10.11"]
[Round "6.6"]
[White "Barbageorgopoulou, Fani"]
[Black "Iordanidou, Zoi"]
[Result "0-1"]
[WhiteElo "1815"]
[BlackElo "2033"]
[PlyCount "66"]
[EventDate "2015.10.08"]
[EventType "team-swiss"]
[EventRounds "7"]
[EventCountry "GRE"]
[SourceTitle "CBM 168 Extra"]
[Source "ChessBase"]
[SourceDate "2015.10.29"]
[SourceVersion "1"]
[SourceVersionDate "2015.10.29"]
[SourceQuality "1"]
[WhiteTeam "Polichnis"]
[BlackTeam "Korinthias Argonaftis"]
[WhiteTeamCountry "GRE"]
[BlackTeamCountry "GRE"]

1. d4 d5 2. c4 e5 3. dxe5 d4 4. Nf3 Nc6 5. a3 Bg4 6. Nbd2 a5 7. g3 Nge7 8. Bg2 Ng6 9. 0-0 Qd7 10. Re1 Be7 11. b3 0-0 12. Bb2 Rad8 13. Nf1 Ngxe5 14. Qd2 Ng6 15. Rad1 Bf6 16. Qc1 Qf5 17. Rd2 Rd7 18. Red1 Rfd8 19. Qa1 Qc5 20. h3 Bxf3 21. exf3 Qb6 22. Qa2 Nce7 23. f4 c5 24. Nh2 h5 25. Nf3 Qc7 26. b4 b6 27. b5 h4 28. Re2 hxg3 29. fxg3 Nf5 30. Kh2 Nxg3 31. Kxg3 Nxf4 32. Re4 Nd3+ 33. Kg4 Nf2+ 0-1

[Event "Kavala op 23rd"]
[Site "Kavala"]
[Date "2014.08.03"]
[Round "2"]
[White "Cabarkapa, Novak"]
[Black "Iordanidou, Zoi"]
[Result "1-0"]
[WhiteElo "2372"]
[BlackElo "2117"]
[PlyCount "67"]
[EventDate "2014.08.02"]
[EventType "swiss"]
[EventRounds "9"]
[EventCountry "GRE"]
[SourceTitle "CBM 161 Extra"]
[Source "ChessBase"]
[SourceDate "2014.08.29"]
[SourceVersion "1"]
[SourceVersionDate "2014.08.29"]
[SourceQuality "1"]

1. e4 d5 2. exd5 Qxd5 3. Nf3 Bg4 4. Be2 Nc6 5. d4 0-0-0 6. c4 Qf5 7. Be3 Bxf3 8. Bxf3 Nxd4 9. Bg4 Nc2+ 10. Qxc2 Qxg4 11. 0-0 a6 12. b4 Qg6 13. Qa4 e5 14. Nc3 Nh6 15. Rfd1 Be7 16. Nd5 Nf5 17. b5 Rxd5 18. cxd5 Nh4 19. g3 Nf3+ 20. Kg2 e4 21. bxa6 bxa6 22. Rac1 Bd6 23. Qxa6+ Kd7 24. Qc6+ Ke7 25. Bc5 Rd8 26. Qxc7+ Rd7 27. Bxd6+ Qxd6 28. Qxd6+ Kxd6 29. Rc6+ Ke7 30. d6+ Ke6 31. Rc7 Ne5 32. Rxd7 Kxd7 33. a4 Nd3 34. a5 1-0

[Event "Anogia op 2nd"]
[Site "Anogia"]
[Date "2013.07.16"]
[Round "8"]
[White "Skembris, Spyridon"]
[Black "Iordanidou, Zoi"]
[Result "1-0"]
[WhiteElo "2458"]
[BlackElo "2122"]
[PlyCount "137"]
[EventDate "2013.07.10"]
[EventType "swiss"]
[EventRounds "9"]
[EventCountry "GRE"]
[SourceTitle "CBM 155 Extra"]
[Source "ChessBase"]
[SourceDate "2013.08.26"]
[SourceVersion "1"]
[SourceVersionDate "2013.08.26"]
[SourceQuality "1"]

1. d4 Nf6 2. c4 c5 3. d5 b5 4. cxb5 a6 5. bxa6 Bxa6 6. Nc3 d6 7. Nf3 Nbd7 8. Nd2 g6 9. e4 Bxf1 10. Nxf1 Bg7 11. Ne3 0-0 12. 0-0 Qc8 13. Qe2 Nb6 14. a4 Nfd7 15. a5 Qa6 16. Qxa6 Rxa6 17. Bd2 Na8 18. Nc4 Ne5 19. Nxe5 Bxe5 20. Rfb1 Rb8 21. Nd1 Kg7 22. Ra3 Nc7 23. b4 Ra7 24. Rab3 cxb4 25. Ne3 Rxa5 26. Nc4 Ra2 27. Bxb4 Bf6 28. g4 Rba8 29. Nb6 R8a6 30. Nd7 Bd4 31. Bc3 Bxc3 32. Rxc3 Ra1 33. Rxa1 Rxa1+ 34. Kg2 Nb5 35. Rc4 Rd1 36. Nb8 g5 37. Nc6 Kf6 38. Rb4 Nc3 39. f3 Rd2+ 40. Kf1 Rxh2 41. Rb7 Rh1+ 42. Kg2 Rb1 43. Rxe7 Ne2 44. Rd7 Nf4+ 45. Kf2 Rb2+ 46. Ke3 Rb3+ 47. Kd4 Ne2+ 48. Kc4 Rc3+ 49. Kb4 Rxf3 50. Rxd6+ Kg7 51. Ne7 Ng3 52. e5 Rf4+ 53. Kb5 Re4 54. Nc6 h5 55. gxh5 Nxh5 56. Rd8 Nf4 57. d6 Ne6 58. Re8 Re1 59. Rxe6 fxe6 60. d7 Rd1 61. d8Q Rxd8 62. Nxd8 Kg6 63. Kc5 Kf5 64. Kd6 g4 65. Nxe6 g3 66. Nd4+ Ke4 67. Ne2 g2 68. e6 Kf3 69. e7 1-0

[Event "Anogia op 2nd"]
[Site "Anogia"]
[Date "2013.07.11"]
[Round "2"]
[White "Iordanidou, Zoi"]
[Black "Maiorov, Nikita"]
[Result "0-1"]
[WhiteElo "2122"]
[BlackElo "2538"]
[PlyCount "134"]
[EventDate "2013.07.10"]
[EventType "swiss"]
[EventRounds "9"]
[EventCountry "GRE"]
[SourceTitle "CBM 155 Extra"]
[Source "ChessBase"]
[SourceDate "2013.08.26"]
[SourceVersion "1"]
[SourceVersionDate "2013.08.26"]
[SourceQuality "1"]

1. e4 e5 2. Nf3 Nc6 3. Bc4 Bc5 4. c3 Nf6 5. d3 a6 6. Bb3 d6 7. h3 Ba7 8. 0-0 0-0 9. Re1 Be6 10. Nbd2 Bxb3 11. axb3 Nd7 12. Nf1 Ne7 13. Be3 Nb6 14. d4 f6 15. Ng3 Qe8 16. Nh4 Kh8 17. Qg4 Qf7 18. Ngf5 Ng8 19. Rad1 Rfe8 20. d5 g6 21. Nh6 Qg7 22. Nxg8 Rxg8 23. Rd3 Nd7 24. Bxa7 Rxa7 25. Rg3 a5 26. Qd1 Qh6 27. Nf3 Rga8 28. Nd2 a4 29. bxa4 Rxa4 30. Nb3 Ra2 31. Qg4 Nb6 32. Rb1 R2a4 33. Qe2 f5 34. exf5 gxf5 35. Kh2 Nxd5 36. Qd3 f4 37. Qxd5 fxg3+ 38. fxg3 c6 39. Qd3 Qg6 40. Qf1 Rg8 41. Qe1 Re4 42. Qf2 Qh6 43. Nd2 Reg4 44. Nf1 R4g6 45. Ra1 Rf6 46. Qb6 Rf7 47. b4 Qg6 48. Qe3 Qg5 49. Qd3 d5 50. Kg1 Rgf8 51. Nd2 e4 52. Qd4+ Qf6 53. Nf1 Qxd4+ 54. cxd4 Rf2 55. Rb1 Re2 56. Ra1 h5 57. Rb1 Ra8 58. b5 Raa2 59. bxc6 bxc6 60. Rb8+ Kg7 61. Rb7+ Kf8 62. Rb8+ Ke7 63. Rb7+ Kd8 64. Rh7 Rxg2+ 65. Kh1 Rgf2 66. Kg1 Rf3 67. Rh8+ Kc7 0-1

[Event "GRE-ch (Women) 35th"]
[Site "Athens"]
[Date "2012.11.27"]
[Round "4"]
[White "Fakhiridou, Ekaterini"]
[Black "Iordanidou, Zoi"]
[Result "1/2-1/2"]
[WhiteElo "2178"]
[BlackElo "2147"]
[PlyCount "80"]
[EventDate "2012.11.24"]
[EventType "tourn"]
[EventRounds "9"]
[EventCountry "GRE"]
[SourceTitle "CBM 151 Extra"]
[Source "ChessBase"]
[SourceDate "2012.12.18"]
[SourceVersion "1"]
[SourceVersionDate "2012.12.18"]
[SourceQuality "1"]

1. e4 c5 2. Nf3 e6 3. d4 cxd4 4. Nxd4 Nc6 5. Nc3 Qc7 6. Be2 a6 7. Be3 Nf6 8. 0-0 Bb4 9. Nxc6 bxc6 10. Na4 Be7 11. Nb6 Rb8 12. Nxc8 Rxc8 13. Bxa6 Rb8 14. Bd4 e5 15. Bc3 Nxe4 16. Qg4 d5 17. Qxg7 Bf6 18. Qh6 Rg8 19. Bd3 Rg6 20. Qh5 Nxc3 21. bxc3 e4 22. Be2 Bxc3 23. Rab1 Ra8 24. Rb3 Bd4 25. c3 Be5 26. a3 Rb8 27. Rfb1 Rxb3 28. Rxb3 Qe7 29. a4 e3 30. fxe3 Bd6 31. Qh3 Kf8 32. Bd3 Rf6 33. Rb1 Qe5 34. Bxh7 Bc5 35. Bd3 Bxe3+ 36. Kh1 Rh6 37. Qc8+ Kg7 38. Qg4+ Kf8 39. Qc8+ Kg7 40. Qg4+ Kf8 1/2-1/2

[Event "GRE-ch (Women) 35th"]
[Site "Athens"]
[Date "2012.11.26"]
[Round "3"]
[White "Markantonaki, Haritomeni"]
[Black "Iordanidou, Zoi"]
[Result "0-1"]
[WhiteElo "2197"]
[BlackElo "2147"]
[PlyCount "64"]
[EventDate "2012.11.24"]
[EventType "tourn"]
[EventRounds "9"]
[EventCountry "GRE"]
[SourceTitle "CBM 151 Extra"]
[Source "ChessBase"]
[SourceDate "2012.12.18"]
[SourceVersion "1"]
[SourceVersionDate "2012.12.18"]
[SourceQuality "1"]

1. e4 c5 2. Nf3 e6 3. d4 cxd4 4. Nxd4 Nc6 5. Nc3 Qc7 6. Be2 a6 7. 0-0 Nf6 8. Be3 Bb4 9. Na4 0-0 10. Nxc6 dxc6 11. Bb6 Qe5 12. Bd3 Nd7 13. f4 Qb8 14. Kh1 Bd6 15. e5 Bc7 16. Be3 f5 17. Qh5 g6 18. Qh6 b6 19. Rf3 Rf7 20. h4 Nf8 21. h5 Bd7 22. Rh3 c5 23. Nc3 Rg7 24. Be2 Bc6 25. Bf3 Qb7 26. Rg1 Rd8 27. Rd1 Rxd1+ 28. Nxd1 Bxf3 29. Rxf3 Qe4 30. Rf2 Rd7 31. Rf1 Qxc2 32. Nf2 Qe2 0-1

[Event "GRE-ch (Women) 35th"]
[Site "Athens"]
[Date "2012.11.24"]
[Round "1"]
[White "Makropoulou, Marina"]
[Black "Iordanidou, Zoi"]
[Result "1/2-1/2"]
[WhiteElo "2226"]
[BlackElo "2147"]
[PlyCount "80"]
[EventDate "2012.11.24"]
[EventType "tourn"]
[EventRounds "9"]
[EventCountry "GRE"]
[SourceTitle "CBM 151 Extra"]
[Source "ChessBase"]
[SourceDate "2012.12.18"]
[SourceVersion "1"]
[SourceVersionDate "2012.12.18"]
[SourceQuality "1"]

1. e4 c5 2. Nf3 e6 3. b3 a6 4. Bb2 Nc6 5. Qe2 Nf6 6. e5 Ng4 7. h3 Nh6 8. g4 b5 9. Nc3 Bb7 10. Ne4 Nb4 11. d3 Be7 12. Bg2 Bxe4 13. dxe4 Rc8 14. a3 Nc6 15. 0-0 f6 16. exf6 Bxf6 17. Bxf6 gxf6 18. a4 Nf7 19. axb5 axb5 20. Qxb5 h5 21. Rfd1 hxg4 22. hxg4 Rg8 23. Qxc5 Nce5 24. Qa5 Rxg4 25. Qxd8+ Kxd8 26. Nd4 Ke7 27. f3 Rg6 28. f4 Ng4 29. f5 Rg5 30. fxe6 Ne3 31. Rd2 Rcg8 32. exf7 Kxf7 33. Nf5 Rxg2+ 34. Rxg2 Rxg2+ 35. Kh1 Re2 36. Nxe3 Rxe3 37. Rd1 Ke6 38. Kg2 Re2+ 39. Kf3 Rxc2 40. Rd3 Rc5 1/2-1/2

[Event "Wch U20 Girls 30th"]
[Site "Athens"]
[Date "2012.08.15"]
[Round "13"]
[White "Pavlidou, Ekaterini"]
[Black "Iordanidou, Zoi"]
[Result "1-0"]
[WhiteElo "2237"]
[BlackElo "2166"]
[PlyCount "67"]
[EventDate "2012.08.02"]
[EventType "swiss"]
[EventRounds "13"]
[EventCountry "GRE"]
[SourceTitle "CBM 149 Extra"]
[Source "ChessBase"]
[SourceDate "2012.08.24"]
[SourceVersion "1"]
[SourceVersionDate "2012.08.24"]
[SourceQuality "1"]

1. d4 d5 2. Nf3 e6 3. g3 c5 4. c3 Nc6 5. Bg2 Nf6 6. 0-0 Be7 7. Nbd2 0-0 8. dxc5 Bxc5 9. b4 Bd6 10. a3 Ne5 11. Nxe5 Bxe5 12. Bb2 Nd7 13. e4 Nb6 14. f4 Bf6 15. e5 Be7 16. a4 a5 17. b5 Bd7 18. Kh1 Rc8 19. Nb3 Nc4 20. Bc1 f6 21. exf6 Bxf6 22. f5 Bxc3 23. Ra2 Nb6 24. Be3 Kh8 25. Nc5 exf5 26. Nxd7 Nxd7 27. Qxd5 Qe7 28. Bf4 Nf6 29. Qxb7 Qe6 30. Rc2 Qb3 31. Rfc1 Qxa4 32. Be5 Rfe8 33. Bxc3 Red8 34. Bxf6 1-0

[Event "Wch U20 Girls 30th"]
[Site "Athens"]
[Date "2012.08.04"]
[Round "3"]
[White "Ivekovic, Ana"]
[Black "Iordanidou, Zoi"]
[Result "1/2-1/2"]
[WhiteElo "1959"]
[BlackElo "2166"]
[PlyCount "87"]
[EventDate "2012.08.02"]
[EventType "swiss"]
[EventRounds "13"]
[EventCountry "GRE"]
[SourceTitle "CBM 149 Extra"]
[Source "ChessBase"]
[SourceDate "2012.08.24"]
[SourceVersion "1"]
[SourceVersionDate "2012.08.24"]
[SourceQuality "1"]

1. e4 c6 2. d4 d5 3. e5 Bf5 4. h4 h5 5. Nf3 e6 6. Be2 c5 7. c3 Nc6 8. Qb3 Qc7 9. 0-0 c4 10. Qd1 b5 11. Bd2 Rb8 12. b3 Nge7 13. a4 a6 14. b4 Ng6 15. axb5 axb5 16. Na3 Be7 17. g3 Nf8 18. Ng5 Bg6 19. Bf4 Bd8 20. Nc2 Qb7 21. Ne3 Ne7 22. Ra3 Nd7 23. Qa1 Bb6 24. Qa2 0-0 25. Qd2 Ra8 26. Rxa8 Rxa8 27. Rc1 Qa7 28. Qd1 Qa3 29. Ng2 Qb2 30. Bxh5 Ra2 31. Nh3 Bxh5 32. Qxh5 Ra1 33. Qd1 Ra3 34. Qd2 Qxd2 35. Bxd2 Ra2 36. Be3 Bc7 37. Kf1 Nb6 38. Ke1 Na4 39. Ngf4 Nc6 40. Ne2 Kf8 41. Nhf4 Bd8 42. Bd2 Ke8 43. Nh3 Bb6 44. Rb1 1/2-1/2

[Event "Paleochora op 5th"]
[Site "Paleochora"]
[Date "2012.07.21"]
[Round "7"]
[White "Theodorou, Nikolas"]
[Black "Iordanidou, Zoi"]
[Result "1-0"]
[WhiteElo "2079"]
[BlackElo "2143"]
[PlyCount "111"]
[EventDate "2012.07.16"]
[EventType "swiss"]
[EventRounds "9"]
[EventCountry "GRE"]
[SourceTitle "CBM 149 Extra"]
[Source "ChessBase"]
[SourceDate "2012.08.24"]
[SourceVersion "1"]
[SourceVersionDate "2012.08.24"]
[SourceQuality "1"]

1. c4 e5 2. Nc3 Nc6 3. g3 f5 4. Bg2 Nf6 5. e3 d6 6. Nge2 Be7 7. d3 0-0 8. 0-0 Qe8 9. b3 Bd8 10. Qd2 Qh5 11. Bb2 Ng4 12. h3 Nh6 13. f4 Nf7 14. Rae1 Qh6 15. Nd5 Ne7 16. Ndc3 c6 17. Nd1 Be6 18. Nf2 Bc7 19. d4 e4 20. g4 fxg4 21. hxg4 d5 22. cxd5 cxd5 23. Bh3 Qh4 24. Kg2 Ng5 25. fxg5 Rf3 26. Nf4 Bxf4 27. exf4 Qg3+ 28. Kh1 e3 29. Rxe3 Rxe3 30. f5 Bd7 31. Bc1 Rf3 32. Qe2 Bb5 33. Qxb5 Rxf2 34. Rxf2 Qxf2 35. Ba3 Rc8 36. Bg2 Qh4+ 37. Kg1 Qxg5 38. Qe2 Re8 39. Bxd5+ Kf8 40. Be6 Qf4 41. d5 Rd8 42. Kg2 h6 43. Kh3 a6 44. Qd3 b5 45. Bc5 Ke8 46. d6 Qc1 47. d7+ Kf8 48. b4 Qh1+ 49. Kg3 Qe1+ 50. Kg2 Qc1 51. Kh2 Qf4+ 52. Kh3 Qe5 53. Qf3 Rb8 54. Qg3 Qxg3+ 55. Kxg3 Rd8 56. Kf4 1-0

[Event "Rethymno op 4th"]
[Site "Rethymno"]
[Date "2012.07.14"]
[Round "9"]
[White "Kapnisis, Spyridon"]
[Black "Iordanidou, Zoi"]
[Result "1-0"]
[WhiteElo "2480"]
[BlackElo "2143"]
[PlyCount "37"]
[EventDate "2012.07.07"]
[EventType "swiss"]
[EventRounds "9"]
[EventCountry "GRE"]
[SourceTitle "CBM 149 Extra"]
[Source "ChessBase"]
[SourceDate "2012.08.24"]
[SourceVersion "1"]
[SourceVersionDate "2012.08.24"]
[SourceQuality "1"]

1. e4 d5 2. exd5 Qxd5 3. Nf3 Bg4 4. Be2 Nc6 5. d4 e6 6. c4 Bb4+ 7. Nc3 Qa5 8. 0-0 0-0-0 9. Be3 Nge7 10. Nb5 a6 11. a3 Bxf3 12. Bxf3 axb5 13. axb4 Qxb4 14. d5 Nb8 15. Ra8 e5 16. Ba7 Kd7 17. c5 Ng6 18. d6 c6 19. Bg4+ 1-0

[Event "Rethymno op 4th"]
[Site "Rethymno"]
[Date "2012.07.08"]
[Round "2"]
[White "Iordanidou, Zoi"]
[Black "Richter, Michael"]
[Result "0-1"]
[WhiteElo "2143"]
[BlackElo "2486"]
[PlyCount "76"]
[EventDate "2012.07.07"]
[EventType "swiss"]
[EventRounds "9"]
[EventCountry "GRE"]
[SourceTitle "CBM 149 Extra"]
[Source "ChessBase"]
[SourceDate "2012.08.24"]
[SourceVersion "1"]
[SourceVersionDate "2012.08.24"]
[SourceQuality "1"]

1. e4 e6 2. d4 d5 3. Nd2 Nf6 4. e5 Nfd7 5. Bd3 b6 6. c3 Ba6 7. Bxa6 Nxa6 8. Ne2 c5 9. 0-0 Nc7 10. f4 f5 11. Nf3 Be7 12. Qe1 0-0 13. Be3 a5 14. Kh1 b5 15. dxc5 Nxc5 16. Ned4 Qd7 17. Rg1 g6 18. g4 Kh8 19. Qg3 Ne4 20. Qh3 Rg8 21. Rg2 Qe8 22. Rag1 Qf7 23. Nc6 d4 24. Nfxd4 Nd5 25. Nxe7 Qxe7 26. gxf5 gxf5 27. Ne2 Raf8 28. Bd4 Qf7 29. Qh6 Rxg2 30. Rxg2 b4 31. Qh4 Rc8 32. c4 Ne7 33. b3 Ng6 34. Qe1 Qb7 35. Kg1 Qe7 36. Ng3 Nxf4 37. Rc2 Rg8 38. Kf1 Qh4 0-1